000 00566cac a22001937a 4500
003 Co-PeBPM
005 20260217164227.0
008 260217e1969 |||||||| |||| 00| 0 spa d
040 1 _aCo-PeBPM
_bspa
_cCo-PeBPM
_erda
041 1 _aspa
082 0 4 _2
_a209 S394 g
100 1 _aSchure, eduardo
_eautor
245 1 0 _alos grandes iniciados
_c/ Eduardo Schure
260 _amexico, ciudad de mexico
_bOLIMPO
_c1969
300 _a445 paginas
_b; 23 centímetros
500 _aincluye indice
650 1 4 _2LEMB
_aHistoria de las religiones
942 _2ddc
_cBK
_n0
999 _c107127
_d107127